• 首页
  • 本馆介绍
  • 公告通知
  • 最新文献
  • 馆藏检索
  • 电子资源
  • 读者导购
  • 参考咨询
  • 我的图书馆
  • 登录
  • 详细信息显示
  • 放入我的书架
  • 预约/预借图书
  • 作者相关作品
  • 分类相关作品
  • 丛书相关作品
  • 出版社相关作品

书目信息

  • 表格格式
  • 工作单格式
  • 卡片格式
题名:
分子束外延入门
    
 
作者: 权田俊一 著 ;方永勋 译
分册:  
出版信息: 北京   国防工业出版社  1981
页数: 104页
开本: 19cm
丛书名:
单 册:
中图分类: TN304.054
科图分类:
主题词: 分子束外延--基本知识
电子资源:
ISBN:
000 00670nam0 2200241 45
001 0181004324
005 20060815162845.21
010    @dCNY0.29
091    @a15034.2188
100    @a19950630d1981 em y0chiy0121 ea
101 1  @achi@cjpn
102    @aCN@b110000
105    @ay z 000yy
200 10 @a分子束外延入门@Afen zi shu wai yan ru men@f权田俊一著@g方永勋译
210    @a北京@c国防工业出版社@d1981
215    @a104页@d19cm
606    @a分子束外延@x基本知识
690    @aTN304.054@v3 
701  0 @a权田俊一@Aquan tian jun yi@4著
702  0 @a方永勋@Afang yong xun@4译
801  2 @aCN@bNLC@c20060815
801  0 @aCN@bTSSF
905    @a10447@dTN304.054@e345
    
    分子束外延入门/权田俊一著/方永勋译.-北京:国防工业出版社,1981
    104页;19cm
    
    
    ISBN :CNY0.29
    
●
相关链接 在E读中查询图书 在五车中查询图书 在当当中查询图书 在豆瓣中查询图书


正题名:分子束外延入门     索取号:TN304.054/345         预约/预借

序号 登录号 条形码 馆藏地/架位号 状态 备注
1 0458587   204585877   密集书库/ [索取号:TN304.054/345] 在馆    
2 0458691   204586910   密集书库/ [索取号:TN304.054/345] 在馆    
唐山师范学院图书馆 欢迎您!
大连网信软件有限公司© 版权所有